000 00498nam a2200181Ia 4500
005 20250326141031.0
008 250326s9999 xx 000 0 und d
037 _aTextbook
040 _aFMSL
_beng
_cFMSL
041 _aeng
_2eng
084 _aX:8D N5
_qFMSL
100 _aBrigham E F
245 0 _aFundamentals of ficial management
_cBrigham E F
260 _aPhiladelphia
_bPhiladelphia, Dryden press
_c1995
300 _avp
942 _cTB
_hX:8D N5
999 _c1288392
_d1288392